Die Handelsbeziehungen der Stadt Thorn in Polen 1232-1577
| Titel: | Die Handelsbeziehungen der Stadt Thorn in Polen 1232-1577 |
|---|---|
| Verfasser: | |
| In: |
Westpreußischer Geschichtsverein: Zeitschrift des Westpreußischen Geschichtsvereins, Band 28 (1890), Seite 1-91 alle Artikel anzeigen |
| Veröffentlicht: | 1890 |
| Format: | Aufsatz |
| Sprache: | Polnisch |
X
alg: 39256197 001A $01999:11-11-16 001B $01999:27-04-21 $t20:50:01.000 001C $06050:19-11-16 $t08:46:34.000 001D $01999:11-11-16 001U $0utf8 001X $00 002@ $0Aox 003@ $0392561972 007A $0392561972 $aHEB 007T $0Herda23890h 010@ $apol 011@ $a1890 021A $aDie @Handelsbeziehungen der Stadt Thorn in Polen 1232-1577 028A $aOesterreich $dHermann 031A $d28 $h1-91 $j1890 039B $aIn $8--Abvc--Westpreußischer Geschichtsverein [Tb1]. Zeitschrift des Westpreußischen Geschichtsvereins. - Danzig : Danziger Verl.-Ges., 1880-1941 $x189000000280000999 $9047259124 045F $a330.09438 $eDDC23BSB 045F/01 $a330.09 045F/03 $g438 045F/03 $g4382 045F/03 $g43832 045T $a9,10 lok: 39256197 78 exp: 39256197 78 1 #EPN 201B/01 $030-11-17 $t23:17:33.000 201U/01 $0utf8 203@/01 $0788660020 208@/01 $a11-11-16 $be 209A/01 $a/ $f000 $x00 220C/01 $aAnmerkung: *NG 244Z/01 $2Trx $#Prusy Wschodnie i Zachodnie $8--Trx--Ost- und Westpreußen $x01 $939113373X 244Z/01 $2Trx $#Poola $#Lenkija $#Polija $#Polen Land $#Poland $#Lengyelország $#Poľsko $#Polsko $8--Trx--Polska$gkraj $x02 $9391345966 244Z/01 $#Thorun $#Torunė $#Thorn $72024611-0 $8--Tg1--Toruń $x03 $9042779502 244Z/01 $aGeschichte 1232-1577 $x04 244Z/01 $2Trx $8--Trx--Zeitschriftenaufsatz $x05 $9391384341 245Z/01 $a13.03 $x01 245Z/01 $a09.11 $x02 247C/01 $82080>Marburg/Lahn, Herder-Institut, Forschungsbibliothek, Bibliographieportal $9336309341
| LEADER | 00000caa a22000002c 4500 | ||
|---|---|---|---|
| 001 | 392561972 | ||
| 003 | DE-603 | ||
| 005 | 20210427205001.0 | ||
| 007 | tu | ||
| 008 | 161111s1890 xx |||| | u00||u|pol c | ||
| 035 | |a (DE-599)HEB392561972 | ||
| 040 | |a DE-603 |b ger |c DE-603 |d DE-603 | ||
| 041 | |a pol | ||
| 082 | 0 | 4 | |8 1\u |a 330.09438 |q DE-101 |2 23/BSB |
| 084 | |a 9,10 |2 ssgn | ||
| 085 | |8 1\u |b 330.09 | ||
| 085 | |8 1\u |z 2 |s 438 | ||
| 085 | |8 1\u |z 2 |s 4382 | ||
| 085 | |8 1\u |z 2 |s 43832 | ||
| 100 | 1 | |a Oesterreich, Hermann | |
| 245 | 0 | 0 | |a Die Handelsbeziehungen der Stadt Thorn in Polen 1232-1577 |
| 264 | 0 | |c 1890 | |
| 773 | 0 | 8 | |i In |a Westpreußischer Geschichtsverein |t Zeitschrift des Westpreußischen Geschichtsvereins |d Danzig : Danziger Verl.-Ges., 1880-1941 |g Band 28 (1890), Seite 1-91 |w (DE-603)047259124 |w (DE-600)201424-5 |
| 924 | 0 | |9 2080 |a (DE-603)788660020 |b DE-2080 |c HES |d d |g / | |


